Currículum y aprendizaje : un modelo de diseño curricular de aula en el marco de la reforma.

Gespeichert in:
Bibliographische Detailangaben
1. Verfasser: Román Pérez, Martiniano (autor)
Weitere Verfasser: Diez López, Eloisa (autor) (autor)
Format: Buch
Sprache:Spanisch
Schriftenreihe:(Monográfico ; no. 1)
Schlagworte:
Tags: Tag hinzufügen
Keine Tags, Fügen Sie das erste Tag hinzu!

MARC

LEADER 00000cam^a2200000uu^4500
001 000482918
005 20250521000000.0
008 050901s1990^^^^^^^^^^^^rd^r^^000^0^spa^d
009 20260526150507.783
022 |a 8450586763 
035 |a FCE 000025964 
035 |a FCE 016145 
037 |a Acervo ITESO - Biblioteca 
041 |a spa 
082 0 4 |a 375.001  |b PERc 
100 |a Román Pérez, Martiniano  |e (autor) 
245 1 0 |a Currículum y aprendizaje :  |b un modelo de diseño curricular de aula en el marco de la reforma. 
264 |a España :  |b [s.n.],  |c 1990. 
300 |a 275 p. 
336 |a texto  |b txt  |2 rdacontenido 
337 |a sin mediación  |b n  |2 rdamedio 
338 |a volumen  |b nc  |2 rdasoporte 
440 0 |a (Monográfico ;  |v no. 1) 
649 |a XX 
650 |a Teoría 
650 |a Aprendizaje 
650 |a Currículo 
650 |a Reforma de la educación 
650 |a Aula 
650 |a Diseño y Revisión Curricular 
700 |a Diez López, Eloisa  |e (autor) 
910 |a Fondo Centro de Estudios Educativos 
920 |a Impresos - Libros 
930 |a Fondos Especiales 
905 |a 133 
901 |a ALE016145  |b IT2  |c CEE  |u 20250521 
901 |a ALE042656  |b IT2  |c CEE  |u 20250521 
902 |a https://opac.biblio.iteso.mx/vufind/Record/000482918